Statistical Yearbook of China 1981 English Edition

Guardado en:
Detalles Bibliográficos
Formato: Libro
Lenguaje:inglés
Publicado: Hong Kong Economic Information and Agency 1982
Edición:1. ed.
Etiquetas: Agregar Etiqueta
Sin Etiquetas, Sea el primero en etiquetar este registro!

MARC

LEADER 00000nam a2200000 4500
001 c024571
005 20221220100015.4
041 0 |a eng 
044 |a GB 
245 1 0 |a Statistical Yearbook of China 1981  |b English Edition 
250 |a 1. ed. 
264 1 |a Hong Kong  |b Economic Information and Agency  |c 1982 
300 |a 524 s.